000
00365nam a2200157 4500
001
45727
090
_a
45727
100
_a
20260224 pory50
101
_a
por
102
_a
PT
200
_a
Ao serviço da verdade
_f
Mons. Avelino Gonçalves
210
_a
Lisboa
_c
União Gráfica
_d
[19--?]
215
_a
77,[1] p.
675
_a
070
801
_a
PT
_g
RPC
990
_c
LIVROS